Statystyki dla New Password B2 - unit 4

Kliknij tutaj aby rozwiązać quiz!

Ogólne statystyki

  • Ten quiz został rozwiązany 90 razy
  • Średni wynik to 61 z 143

Statystyki odpowiedzi

HintOdpowiedź% Poprawnych
UzależnienieAddiction
100%
UzależniającyAddictive
98%
AnoreksjaAnorexia
95%
BulimiaBulimia
90%
KofeinaCaffeine
88%
Umówić się na wizytę (u lekarza)Book/make an appointment
83%
Maraton filmowyBinge watching
80%
AptekaChemist’s
80%
Wizyta kontrolnaCheck-up
78%
Pokonać huśtawki nastrojówBeat one’s mood swings
76%
Wyleczyć; lekarstwoCure
76%
Leczyć, goić sięHeal
73%
DietetykDietician
71%
ChirurgSurgeon
71%
HazardGambling
68%
TerapeutaTherapist
68%
Chodzenie na łatwiznęEasy way out
66%
Zaspokajać nałógFeed addiction
66%
Doznać drobnych urazówSuffer/sustain minor injuries
66%
Operacja, gabinet chirurgicznySurgery
66%
RentgenX-ray
66%
Wykształcić nałogiDevelop addictions
63%
SOREmergency unit
63%
Wizyta domowaHome visit
63%
HospicjumHospice
63%
Sala operacyjnaOperating theatre
63%
Cierpieć na cośSuffer from
63%
Brać lekiTake medicines
63%
Zaburzenie odżywianiaEating disorder
61%
Mieć operacjęHave an operation
61%
Ratownik medycznyParamedic
61%
TerapeutaCounsellor
59%
Szkodliwy sposób radzenia sobie z problemamiDamaging coping strategy
59%
BadanieExamination
59%
Przyklejony do ekranuGlued to the screen
59%
Gry onlineOnline gaming
59%
Przejść operacjęUndergo an operation
59%
PrzychodniaHealth centre
56%
OddziałWard
56%
Krem antyseptycznyAntiseptic cream
54%
Zatracić się w nałoguGet hooked on
54%
Przestać kompulsywnie grać w gryGive up compulsive gaming
54%
Mierzyć komuś temperaturęTake sb’s temperature
54%
BandażBandage
51%
Ochrona zdrowiaHealth care system
51%
Środek przeciwbólowyPainkiller
51%
NożyczkiScissors
51%
Złamać kończynęBreak a limb
49%
Poparzyć sięBurn yourself
49%
MaskaFace mask
49%
Pierwsza pomocFirst aid
49%
Plaster, gipsPlaster
49%
Zaburzenie snuSleeping disorder
49%
Przyspieszyć całkowite wyzdrowienieSpeed up a full recovery
49%
ZestresowanyStressed
49%
StresującyStressful
49%
Mierzyć komuś ciśnienieTake sb’s blood pressure
49%
Udzielać pierwszej pomocyAdminister/give first aid
46%
Mieć krwotok z nosaHave a nosebleed
46%
Całkowicie wyzdrowiećMake a full recovery
46%
LunatykSleepwalker
46%
Używać defibrylatoraUse a defib
46%
Zostać użądlonym przez osęBe stung by a wasp
44%
BezsennośćInsomnia
44%
BezstresowyStressless
44%
ZnosićBear
41%
Zablokowane drogi oddechoweBlocked airways
41%
Dławić się i nie móc złapać tchuChoke and be out of breath
41%
PrzytomnyConscious
41%
Wykształcić złe nawykiDevelop bad habits
41%
Operacja plastycznaPlastic surgery
41%
AgrafkaSafety pin
41%
PęsetaTweezers
41%
ZnośnyBearable
39%
TroskaConcern
39%
ZmartwionyConcerned
39%
Stan psychicznyMental state
39%
Stracić przytomnośćPass out
39%
Rozluźnione mięśnieRelaxed muscles
39%
OpuchliznaSwelling
39%
TermometrThermometer
39%
TrawićDigest
37%
ChorobaIllness
37%
Stan fizycznyPhysical state
37%
Wykazywać objawy uzależnienia od czegośShow dependence on
37%
Nie do zniesieniaUnbearable
37%
Nie reagować, nie wykazywać znaków życiaBe unresponsive
34%
Wywoływać bóle głowyCause headaches
34%
Radzić sobie ze stresemCope with stress
34%
Opatrunek z gazyGauze dressing
34%
ChorobaSickness
34%
UdarStroke
34%
Podjąć środki zapobiegawczeTake preventative measures
34%
Dopływ krwiBlood supply
32%
TrawiennyDigestive
32%
NadmiarExcess
32%
NadmiernyExcessive
32%
Zrobić komuś sztuczne oddychanie (usta-usta)Give someone a mouth-to-mouth
32%
Wezwać pogotowieSend for an ambulance
32%
Doświadczenie traumatyczneTraumatizing experience
32%
Przewlekły stresChronic stress
29%
Być zdenerwowanymFeel anxious
29%
Czuć presjęFeel under pressure
29%
Krótka chwilaSplit second
29%
Mieć reakcje alergicznąSuffer from an allergic reaction
29%
Zrobić badanieCarry out a test
27%
Mieć mdłościFeel sick
27%
Czuć się niedobrzeFeel unwell
27%
Problemy ze zdrowiemHealth issues/problems
27%
Układ immunologicznyImmune system
27%
Odnieść obrażeniaSustain damage
27%
Epipen (zastrzyk z epinefryną)Auto-injector, EpiPen
24%
Dobrostan psychicznyMental well-being
24%
WywoływaćTrigger
24%
Dobrostan emocjonalnyEmotional well-being
22%
Zranić, boleć; rannyHurt
22%
Zmienny nastrójMoodiness
22%
Uwalniać kortyzolRelease cortisol
22%
Skręcić kostkęSprain one’s ankle
22%
Łagodzić stresAlleviate stress
20%
PocieszenieConsolation
20%
Jednorazowa sterylna rękawiczkaDisposable sterile glove
20%
Być spiętymFeel tense
20%
Wykonywać masaż sercaGive chest compressions
20%
ChorobaDisease
17%
Spray łagodzący użądlenia i ugryzieniaSpray to relieve stings and bites
17%
Zranić; ranaWound
17%
PoradzićContribute
15%
Źle się czućFeel ill
15%
Radzić sobie ze stresemHandle stress
15%
Przyczyniać się doLead to
15%
Zwalczyć stresOvercome stress
15%
Przewracać się z boku na bok w łóżkuToss and turn in bed
15%
LeczyćTreat
15%
Paść ofiarą czegośFall victim to sth
12%
Podatny na stresProne to stress
12%
Zamartwiać się; przejmować się problemamiDwell on problems
10%
ZranićInjure
10%
Doprowadzić się do sytuacji zagrożenia życiaPut your life at risk
7%
Forsowny, intensywnyStrenous
7%
Przejmować się nieistotnymi szczegółamiObsess over unnecessary details
5%
Odciskać swoje piętno naTake its toll on
5%
ResuscytacjaCPR (cardiopulmonary resuscitation)
2%

Rozkład punktacji

Percentyl według liczby udzielonych odpowiedzi

Procent ludzi z każdym wynikiem

Twoja historia wyników

Nie rozwiązałeś tego quizu